Ekonómia praktikum: Ekonomická teória 1

Guardado en:
Detalles Bibliográficos
Autor principal: Rozborilová, Dária
Otros Autores: Čaplánová, Anetta, 1967-, Kálovec, Marek, Muchová, Eva, 1961-, Piovarčiová, Veronika, 1951-, Uramová, Mária, Lisý, Ján
Formato: Libro
Lenguaje:eslovaco
Publicado: Bratislava Wolters Kluwer 2018
Edición:2. doplnené a prepracované vydanie
Colección:Ekonómia
Materias:
Etiquetas: Agregar Etiqueta
Sin Etiquetas, Sea el primero en etiquetar este registro!

MARC

LEADER 00000nam a2200000 4500
001 0248029
005 20240502073951.6
020 |a 978-80-8168-893-5 
020 |a 978-80-8168-894-2 
041 0 |a slo 
044 |a SK 
245 1 0 |a Ekonómia praktikum: Ekonomická teória 1  |c Daria Rozborilová a kolektív ; recenzovali: Mária Uramová, Ján Lisý 
250 |a 2. doplnené a prepracované vydanie 
264 1 |a Bratislava  |b Wolters Kluwer  |c 2018 
300 |a 263 s. [8,17 AH] 
490 1 |a Ekonómia 
830 0 |a Ekonómia 
610 2 0 |a ekonómia 
610 2 0 |a teórie ekonomické 
610 2 0 |a matematika 
610 2 0 |a zákony ekonomické 
610 2 0 |a vláda 
610 2 0 |a trh 
610 2 0 |a domácnosti 
610 2 0 |a správanie spotrebiteľa 
610 2 0 |a firmy 
610 2 0 |a konkurencia 
610 2 0 |a faktory výrobné 
610 2 0 |a dôchodky 
100 1 |a Rozborilová, Dária 
700 1 |a Čaplánová, Anetta, 1967- 
700 1 |a Kálovec, Marek 
700 1 |a Muchová, Eva, 1961- 
700 1 |a Piovarčiová, Veronika, 1951- 
700 1 |a Uramová, Mária 
700 1 |a Lisý, Ján